000 00356nam a22001577a 4500
003 MPLRDC
005 20220104114135.0
008 210129b ||||| |||| 00| 0 eng d
082 _a857.48 XSC
100 _a谢仕聪编
245 _a潘金莲新传
_c
260 _a
_b台湾天下杂志社
_c
300 _b
650 _a
942 _cBK
_o857.48 XSC
999 _c5129
_d5119